| Tag |
First Indicator |
Second Indicator |
Subfields |
| LEADER |
00000cam a2200000 a 4500 |
| 001 |
in00000786721 |
| 005 |
20151017062033.0 |
| 008 |
881026s1989 cau b 00100 eng |
| 010 |
|
|
|a 88032672
|
| 020 |
|
|
|a 0803932022
|
| 035 |
|
|
|a (OCoLC)18815287
|
| 035 |
|
|
|9 ADM8262AM
|
| 040 |
|
|
|a DLC
|c DLC
|d TXA
|d UtOrBLW
|
| 049 |
|
|
|a TXAM
|c [A11961834]
|
| 050 |
0 |
0 |
|a P96.I5
|b H37 1989
|
| 082 |
0 |
|
|a 302.2
|2 19
|
| 245 |
0 |
0 |
|a Handbook of international and intercultural communication /
|c editors, Molefi Kete Asante, William B. Gudykunst, with the assistance of Eileen Newmark.
|
| 264 |
|
1 |
|a Newbury Park, Calif. :
|b Sage Publications,
|c 1989.
|
| 300 |
|
|
|a 520 pages ;
|c 24 cm.
|
| 336 |
|
|
|a text
|b txt
|2 rdacontent
|
| 337 |
|
|
|a unmediated
|b n
|2 rdamedia
|
| 338 |
|
|
|a volume
|b nc
|2 rdacarrier
|
| 504 |
|
|
|a Includes bibliographical references.
|
| 650 |
|
0 |
|a Communication, International.
|
| 650 |
|
0 |
|a Intercultural communication.
|
| 700 |
1 |
|
|a Asante, Molefi Kete,
|d 1942-
|
| 700 |
1 |
|
|a Gudykunst, William B.
|
| 700 |
1 |
|
|a Newmark, Eileen.
|
| 999 |
|
|
|a MARS
|
| 999 |
f |
f |
|s 56644a75-8206-320f-8bf2-550ace6b5c15
|i e184788c-b583-3635-8193-397f8ad28c6e
|t 0
|
| 952 |
f |
f |
|p ric
|a Texas A&M University
|b Rellis Campus
|c Joint Library Facility
|s JLF
|d Remote Storage
|t 0
|e P96.I5 H37 1989
|h Library of Congress classification
|i unmediated -- volume
|m A14811961834
|
| 998 |
f |
f |
|a P96.I5 H37 1989
|t 0
|l Remote Storage
|